00881nam a22002177a 4500008004400000082001500044100002200059245009500081250001800176260005400194300004600248500018100294653002500475653001800500653003100518653001700549653001700566653002200583653002500605700003300630171125s2007 br||||| |||| 00| 0 por d04a708bL586b1 aLeonzini, Nessia.10aBrasil desfocos :b[o olho de fora] /ccuraduría por Nessia Leonzini y Paulo Herkenhoff. a1a edición. aBrasil :bCentro Cultural Banco do Brasil,c2007. a204 páginas : bilustraciones en color. aCatálogo publicado con motivo a la exposición "Brasil desfocos [o olho de fora]", presentada del 30 de julio al 16 de setiembre de 2007, en Centro Cultural Banco do Brasil.10aArte contemporáneo10aArte - Brasil10aCatálogo de exhibición10aExhibiciones10aFotografía10aArtistas visuales10aArte Latinoamericano1 aHerkenhoff, Paulo.ecurador.